Pocahontas and the strangers. (Record no. 4296)

MARC details
000 -LEADER
fixed length control field 01058cam a2200337 4500
001 - CONTROL NUMBER
control field 4296
003 - CONTROL NUMBER IDENTIFIER
control field FISKH
005 - DATE AND TIME OF LATEST TRANSACTION
control field 20250310110111.0
008 - FIXED-LENGTH DATA ELEMENTS--GENERAL INFORMATION
fixed length control field 711217s1971 nyua j 000 1 eng
010 ## - LIBRARY OF CONGRESS CONTROL NUMBER
LC control number 77139094
020 ## - INTERNATIONAL STANDARD BOOK NUMBER
International Standard Book Number 0690629036
020 ## - INTERNATIONAL STANDARD BOOK NUMBER
International Standard Book Number 9780590434812
040 ## - CATALOGING SOURCE
Original cataloging agency DLC
Transcribing agency DLC
Modifying agency DLC
Language of cataloging eng
050 ## - LIBRARY OF CONGRESS CALL NUMBER
Classification number PZ7.B912
082 ## - DEWEY DECIMAL CLASSIFICATION NUMBER
Classification number 921
100 1# - MAIN ENTRY--PERSONAL NAME
Personal name Bulla, Clyde Robert.
245 10 - TITLE STATEMENT
Title Pocahontas and the strangers.
Statement of responsibility, etc. Clyde Robert Bulla ; Illustrated by Peter Burchard.
260 ## - PUBLICATION, DISTRIBUTION, ETC.
Place of publication, distribution, etc. New York :
Name of publisher, distributor, etc. Scholastic,
Date of publication, distribution, etc. 1971.
300 ## - PHYSICAL DESCRIPTION
Extent 176 pages :
Other physical details illustrations ;
Dimensions 20 cm
350 ## - PRICE (NR) (BK AM CF MU VM SE) [OBSOLETE]
Price $3.95
505 ## - FORMATTED CONTENTS NOTE
Formatted contents note M<br/>
520 ## - SUMMARY, ETC.
Summary, etc. A fictionalized account of the life of Pocahontas woven about the few facts known from historical records.
521 8# - TARGET AUDIENCE NOTE
Target audience note 550<br/>
Source Lexile<br/>
521 8# - TARGET AUDIENCE NOTE
Target audience note M<br/>
Source Raz-Plus<br/>
600 00 - SUBJECT ADDED ENTRY--PERSONAL NAME
Personal name Pocahontas,
Dates associated with a name -1617
General subdivision Juvenile fiction.
600 01 - SUBJECT ADDED ENTRY--PERSONAL NAME
Personal name Pocahontas,
Dates associated with a name -1617
General subdivision Fiction.
700 1# - ADDED ENTRY--PERSONAL NAME
Personal name Burchard, Peter,
Relator term illustrator
906 ## - LOCAL DATA ELEMENT F, LDF (RLIN)
a 7
b cbc
c orignew
d 2
e ncip
f 19
g y-gencatlg
942 ## - ADDED ENTRY ELEMENTS (KOHA)
Source of classification or shelving scheme Dewey Decimal Classification
Koha item type Books
Suppress in OPAC No
Holdings
Withdrawn status Lost status Source of classification or shelving scheme Damaged status Not for loan Collection Home library Current library Shelving location Date acquired Total Checkouts Full call number Barcode Date last seen Copy number Price effective from Koha item type
    Dewey Decimal Classification     Juvenile Fiction Footprints International School Library Network Toul Kork Campus Footprints International School Library Network Toul Kork Campus TK Primary Library Room(4th Floor), Bookcase 3&4, Shelves 17-32, Yellow Books 07/15/2024   BUL 921 PZ7.B912 FISTK00362 07/15/2024 1 07/15/2024 Books
    Dewey Decimal Classification     Juvenile Fiction Footprints International School Library Network Toul Tom Poung Campus Footprints International School Library Network Toul Tom Poung Campus TTP Primary Yellow Bookshelves 02/26/2025   BUL 921 PZ7.B912 2025-0682 02/26/2025 2 02/26/2025 Books
    Dewey Decimal Classification     Juvenile Fiction Footprints International School Library Network Toul Tom Poung Campus Footprints International School Library Network Toul Tom Poung Campus TTP Primary Yellow Bookshelves 03/10/2025   BUL 921 PZ7.B912 2025-0765 03/10/2025 3 03/10/2025 Books